00782nam a2200169 a 4500003000200000005001700002008004100019050002900060100003700089245011900126260009000245300004000335504004100375650008400416650006500500650004700565020250429114657.0050808s19uu xx 00 eng d aPHS HQ 777.15b.C37 2005 aCastañeda, Nicole Alexandra V. aEffects of being part of a broken family to a teenager's academic performance /cNicole Alexandria V. Castañeda. aLas Piñas City, Philippines :bSouthville International School and Colleges,c2005. a73 pages :billustrations ;c28 cm. aIncludes bibliographical references. 2Library of Congress Subject Headings aChildren of divorced parentsxEducation. 2Library of Congress Subject Headings aAcademic achievement. aChildren of separated parentsxPsychology.